[Event "Arco Christmas op 11th"]
[Site "Arco"]
[Date "2021.12.28"]
[Round "4"]
[White "Benedetti, Michele"]
[Black "Lezzerini, Marco"]
[Result "0-1"]
[WhiteElo "1918"]
[BlackElo "2088"]
[PlyCount "86"]
[EventDate "2021.12.26"]
[EventType "swiss"]
[EventRounds "7"]
[EventCountry "ITA"]
[SourceTitle "CBM 205 Extra"]
[Source "ChessBase"]
[SourceDate "2022.01.31"]
[SourceVersion "1"]
[SourceVersionDate "2022.01.31"]
[SourceQuality "1"]

1. d4 e6 2. c4 Bb4+ 3. Bd2 a5 4. Nf3 d6 5. g3 Nc6 6. Bg2 Nf6 7. 0-0 0-0 8. Bg5 a4 9. a3 Ba5 10. Qxa4 Bd7 11. Qc2 h6 12. Bd2 Bxd2 13. Nbxd2 e5 14. e3 Qe7 15. d5 Nb8 16. b4 Na6 17. Rfc1 e4 18. Nd4 Rae8 19. Ne2 Bf5 20. Nc3 h5 21. Nb3 h4 22. b5 Nc5 23. Nxc5 dxc5 24. a4 hxg3 25. hxg3 Ng4 26. a5 Qg5 27. a6 b6 28. a7 Qh6 29. Ra3 Qh2+ 30. Kf1 Nf6 31. Rca1 Bh3 32. Bxh3 Qxh3+ 33. Kg1 Re5 34. f4 exf3 35. Qh2 Qxh2+ 36. Kxh2 Ra8 37. d6 cxd6 38. Ra6 Rxe3 39. Rxb6 Rxa7 40. Rxa7 Ng4+ 41. Kh3 f2 42. Kxg4 f1Q 43. Nd5 Qf3+ 0-1

[Event "Arco Christmas op 11th"]
[Site "Arco"]
[Date "2021.12.27"]
[Round "3"]
[White "Del Prato, Uberto"]
[Black "Benedetti, Michele"]
[Result "1/2-1/2"]
[WhiteElo "1882"]
[BlackElo "1918"]
[PlyCount "55"]
[EventDate "2021.12.26"]
[EventType "swiss"]
[EventRounds "7"]
[EventCountry "ITA"]
[SourceTitle "CBM 205 Extra"]
[Source "ChessBase"]
[SourceDate "2022.01.31"]
[SourceVersion "1"]
[SourceVersionDate "2022.01.31"]
[SourceQuality "1"]

1. e4 c5 2. c3 d5 3. exd5 Qxd5 4. d4 Bf5 5. Be3 Bxb1 6. Rxb1 cxd4 7. cxd4 e6 8. a3 Nc6 9. Nf3 Bd6 10. Rc1 Nf6 11. Bc4 Qh5 12. Be2 Qa5+ 13. Bd2 Qb6 14. 0-0 0-0 15. Bc3 Rfd8 16. Qa4 Nd5 17. Rfd1 Qc7 18. b4 a6 19. Bb2 b5 20. Qc2 Rac8 21. Qe4 Qe7 22. Ne5 Bxe5 23. dxe5 Qg5 24. h4 Qh6 25. g3 Nce7 26. Bf3 Qg6 27. Qxg6 hxg6 28. Be2 1/2-1/2

[Event "Veneto-ch qf 79th"]
[Site "Padova"]
[Date "2020.02.22"]
[Round "3.18"]
[White "Benedetti, Michele"]
[Black "Lantini, Marco"]
[Result "0-1"]
[WhiteElo "1871"]
[BlackElo "2059"]
[PlyCount "48"]
[EventDate "2020.02.21"]
[EventType "swiss"]
[EventRounds "3"]
[EventCountry "ITA"]
[SourceTitle "EXT 2024"]
[Source "ChessBase"]
[SourceDate "2023.10.10"]
[SourceVersion "1"]
[SourceVersionDate "2023.10.10"]
[SourceQuality "1"]

1. d4 g6 2. c4 Bg7 3. Nc3 c5 4. d5 Bxc3+ 5. bxc3 Nf6 6. f3 0-0 7. e4 d6 8. Ne2 Qa5 9. g4 Nbd7 10. Bd2 e6 11. Ng3 b5 12. cxb5 c4 13. Bxc4 exd5 14. exd5 Re8+ 15. Kf1 Bb7 16. Bh6 Rac8 17. Qd4 Ne5 18. Be2 Qxc3 19. Qxa7 Qxa1+ 20. Kg2 Qb2 21. Qxb7 Rb8 22. Qa6 Nexg4 23. fxg4 Rxe2+ 24. Kh3 Qd4 0-1